000 00683nam a2200229Ia 4500
003 OSt
005 20220927112847.0
006 a|||||r|||| 00| 0
007 ta
008 220926b |||||||| |||| 00| 0 eng d
024 _a149820
037 _cReports
040 _aRTL
_cRTL
_beng
041 _2eng
_aeng
082 _a"X9(HZ):(Z)p1,N69, L0/UN"
110 _a"United Nations, Economic Commission for Asia and the Far East"
245 0 _aProceedings
260 _aNew
_bYork United Nations
_c1950
700 _a"United Nations, Economic Commission for Asia and the Far East"
942 _h"X9(HZ):(Z)p1,N69, L0/UN"
_cCC
999 _c700809
_d700809